Technology : Abandon, endure or advance?

Kaydedildi:
Detaylı Bibliyografya
Materyal Türü: Kitap
Dil:Undetermined
Baskı/Yayın Bilgisi: London Gould Inc 1975
Konular:
Etiketler: Etiketle
Etiket eklenmemiş, İlk siz ekleyin!
Thư viện lưu trữ: Trung tâm Học liệu Trường Đại học Cần Thơ
LEADER 00432nam a2200169Ia 4500
001 CTU_78183
008 210402s9999 xx 000 0 und d
082 |a 338.4 
082 |b T255 
245 0 |a Technology : 
245 0 |b Abandon, endure or advance? 
245 0 |c Gould Inc 
260 |a London 
260 |b Gould Inc 
260 |c 1975 
650 |a Technology transfer 
980 |a Trung tâm Học liệu Trường Đại học Cần Thơ